Thực tập điện ô tô 1

Сохранить в:
Библиографические подробности
Главный автор: Lê Thanh Phúc
Формат:
Язык:Vietnamese
Предметы:
Метки: Добавить метку
Нет меток, Требуется 1-ая метка записи!
Thư viện lưu trữ: Thư viện Trường Đại học Nam Cần Thơ
LEADER 00958nam a22001937a 4500
001 NCT_68798
008 190911b xxu||||| |||| 00| 0 vie d
999 |c 3329  |d 3329 
020 |c 40000 
082 0 4 |2 23rd ed.  |a 621  |b T462 
100 1 |a Lê Thanh Phúc 
245 1 0 |a Thực tập điện ô tô 1  |c Lê Thanh Phúc 
300 |a 99 tr.  |b hình vẽ  |c 27cm 
653 |a Công nghệ kỹ thuật ô tô 
942 |2 ddc  |c BK 
952 |0 0  |1 0  |2 ddc  |4 0  |6 621_000000000000000_T462  |7 0  |9 17777  |a 000001  |b 000001  |d 2019-09-11  |o 621 T462  |p MD.10112  |r 2019-09-11  |v 40000.00  |w 2019-09-11  |y BK 
952 |0 0  |1 0  |2 ddc  |4 0  |6 621_000000000000000_T462  |7 0  |9 17778  |a 000001  |b 000001  |d 2019-09-11  |o 621 T462  |p MD.10113  |r 2019-09-11  |v 40000.00  |w 2019-09-11  |y BK 
952 |0 0  |1 0  |2 ddc  |4 0  |6 621_000000000000000_T462  |7 0  |9 17779  |a 000001  |b 000001  |d 2019-09-11  |l 2  |o 621 T462  |p MD.10115  |r 2020-11-19  |s 2020-11-05  |v 40000.00  |w 2019-09-11  |y BK 
980 |a Thư viện Trường Đại học Nam Cần Thơ